|
|
|
|
| LEADER |
00000cam a2200000 7i4500 |
| 001 |
0000003153 |
| 005 |
20160330.0 |
| 008 |
070717 |
| 020 |
|
|
|a 0743437322
|
| 090 |
0 |
0 |
|a MAC
|b ENG (2497)
|
| 100 |
1 |
|
|a Machale, D.J
|
| 245 |
1 |
0 |
|a Book two :
|b The lost city of faar
|c D.J.Machale
|
| 260 |
|
|
|a New York :
|b Aladdin Paperbacks ,
|c 2003
|
| 440 |
|
|
|a Pandragon
|
| 500 |
|
|
|a Teenager ages 13-18 years old (blue)
|
| 650 |
|
0 |
|a English fiction
|
| 650 |
|
0 |
|a Junior fiction
|x English
|x Languages
|
| 999 |
|
|
|a 0000964234
|b Book
|c Teenagers
|e Perbadanan Perpustakaan Awam Johor
|
| 999 |
|
|
|a 0000964235
|b Book
|c Teenagers
|e Perbadanan Perpustakaan Awam Johor
|
| 999 |
|
|
|a 0000964236
|b Book
|c Teenagers
|e Perbadanan Perpustakaan Awam Johor
|